000 00704nam a2200241Ia 4500
003 OSt
005 20220923214509.0
006 a|||||r|||| 00| 0
007 ta
008 220922b |||||||| |||| 00| 0 hin d
024 _a170,071
037 _cTextual
040 _aARTS
_cARTS
_bhin
041 _2hin
_ahin
082 _aO152:3N021,JK, J5;L2
100 _aजोशी, इलाचन्द्र
_9156270
245 0 _aजहाज का पंछी
246 _aJahāj kā panchhī
250 _aसंशो0 संस्क0
260 _c1872
942 _hO152:3N021,JK, J5;L2
_cTEXL
_2CC
999 _c324435
_d324435